Enforcing a foreign arbitral award in mainland China - some recent experience (Record no. 69875)

MARC details
000 -LEADER
fixed length control field 00876cam a2200241 4500
001 - CONTROL NUMBER
control field ABS65244
008 - FIXED-LENGTH DATA ELEMENTS--GENERAL INFORMATION
fixed length control field 020402n2002 000 0 eng u
035 ## - SYSTEM CONTROL NUMBER
System control number (Sirsi) u117290
100 ## - MAIN ENTRY--PERSONAL NAME
Personal name Lin, M.
245 ## - TITLE STATEMENT
Title Enforcing a foreign arbitral award in mainland China - some recent experience
260 ## - PUBLICATION, DISTRIBUTION, ETC.
Date of publication, distribution, etc. 2002
490 ## - SERIES STATEMENT
Series statement Asian Dispute Resolution
Volume/sequential designation 2001, 79-81(3)
520 ## - SUMMARY, ETC.
Summary, etc. Offers some guidelines on what to do in enforcing an award denominated in a foreign currency against a People's Republic of China (PRC) state-owned corporation in an international commercial arbitration held outside the PRC.
590 ## - LOCAL NOTE (RLIN)
Local note ABS
650 ## - SUBJECT ADDED ENTRY--TOPICAL TERM
Topical term or geographic name entry element CHINA
650 ## - SUBJECT ADDED ENTRY--TOPICAL TERM
Topical term or geographic name entry element COMMERCIAL ARBITRATION
650 ## - SUBJECT ADDED ENTRY--TOPICAL TERM
Topical term or geographic name entry element FOREIGN EXCHANGE
650 ## - SUBJECT ADDED ENTRY--TOPICAL TERM
Topical term or geographic name entry element CIVIL PROCEDURE LAW ARTICLE 219
650 ## - SUBJECT ADDED ENTRY--TOPICAL TERM
Topical term or geographic name entry element TIME LIMITS
650 ## - SUBJECT ADDED ENTRY--TOPICAL TERM
Topical term or geographic name entry element REGULATIONS
690 ## - LOCAL SUBJECT ADDED ENTRY--TOPICAL TERM (OCLC, RLIN)
Topical term or geographic name as entry element Dispute resolution
9 (RLIN) 6236
942 ## - ADDED ENTRY ELEMENTS (KOHA)
Suppress in OPAC 0
Holdings
Withdrawn status Lost status Source of classification or shelving scheme Damaged status Not for loan Home library Current library Shelving location Date acquired Total Checkouts Full call number Barcode Date last seen Copy number Price effective from Koha item type
    Dewey Decimal Classification     London London Journal article 02/04/2002   ABS65244 117290-1001 06/08/2019 1 06/08/2019 Journal article